| 000 | 01207nam a2200337 i 4500 | ||
|---|---|---|---|
| 003 | EG-GICUC | ||
| 005 | 20260121101538.0 | ||
| 008 | 251224s2011 ua ||||fr||| 0||| ||ara|d | ||
| 017 | _a20114438 | ||
| 020 | _a9789770466776 | ||
| 040 |
_a EG-GICUC _bara _c EG-GICUC _d EG-GICUC _erda |
||
| 041 | 0 | _aara | |
| 082 | 0 | 4 |
_221 _a345.5 _bس ع . ب |
| 092 | 0 | 4 | _221 |
| 099 | _aLaw1 07 345.5 س ع . ب 2011 | ||
| 100 | 0 |
_aسعاد الشرقاوى. _eمؤلف. |
|
| 245 | 1 | 2 |
_aالبنك المركزى اليد الخفية سلطة متعددة الأبعاد / _cسعاد الشرقاوى. |
| 264 | 1 |
_aالقاهرة : _bدار النهضة العربية، _c2011. |
|
| 300 |
_a133 صفحة ; _c24 سم. |
||
| 336 |
_2rda content _atext |
||
| 337 |
_2rda media _aComputer |
||
| 338 |
_2rda carrier _aOnline Resource |
||
| 504 | _aيحتوي على ارجاعات ببليوجرافية | ||
| 546 | _aالنص باللغة العربية | ||
| 650 | 1 | 4 |
_aالأموال عامة _xالقانون الاداري _2qrmak |
| 650 | 1 | 4 | _aالبنك المركزى |
| 651 | 1 | _2qrmak | |
| 856 | 4 | 0 | _uhttps://fll.law.cu.edu.eg/fulltext/bks/B07-01871.pdf |
| 905 | _a75 | ||
| 942 |
_2ddc _cBK _e21 _n0 |
||
| 999 |
_c52505 _d52505 |
||